Salta al contenuto

Основы проектирования и расчета деталей, узлов и механизмов машин и приборов учеб. пособие Ч. 3 Основы проектирования и расчета деталей, узлов и механизмов машин и приборов

Рассматриваются основы проектирования и конструирования деталей, узлов и механизмов мехатронных систем. Приведены принципы и основные этапы расчетов деталей машин и механизмов. Особое внимание уделяется силовым машинам и агрегатам. Учебное пособие предназначено для студентов, обучающихся по специаль...

Descrizione completa

Salvato in:
Dettagli Bibliografici
Autore principale: Ершов Д. Ю.
Altri autori: Лукьяненко И. Н., Аман Е. Э., Захарова В. П.
Natura: Книга
Lingua:Russian
Pubblicazione: Санкт-Петербург ГУАП 2023
Accesso online:https://e.lanbook.com/book/341021
https://e.lanbook.com/img/cover/book/341021.jpg
Tags: Aggiungi Tag
Nessun Tag, puoi essere il primo ad aggiungerne! !
LEADER 02860nam0a2200313 i 4500
001 341021
003 RuSpLAN
005 20240216150945.0
008 240216s2023 ru gs 000 0 rus
020 |a 978-5-8088-1834-7 
040 |a RuSpLAN 
041 0 |a rus 
044 |a ru 
080 |a 621.81(075) 
084 |a 34.42я73  |2 rubbk 
245 1 |a Основы проектирования и расчета деталей, узлов и механизмов машин и приборов  |b учеб. пособие  |c Ершов Д. Ю.,Лукьяненко И. Н.,Аман Е. Э.,Захарова В. П.   |n Ч. 3  |p Основы проектирования и расчета деталей, узлов и механизмов машин и приборов 
260 |a Санкт-Петербург  |b ГУАП  |c 2023 
300 |a 82 с. 
504 |a Библиогр.: доступна в карточке книги, на сайте ЭБС Лань 
520 8 |a Рассматриваются основы проектирования и конструирования деталей, узлов и механизмов мехатронных систем. Приведены принципы и основные этапы расчетов деталей машин и механизмов. Особое внимание уделяется силовым машинам и агрегатам. Учебное пособие предназначено для студентов, обучающихся по специальностям 24.05.06 «Системы управления летательными аппаратами», 27.05.02 «Метрологическое обеспечение вооружения и военной техники», 27.03.04 «Управление в технических системах», 12.03.01 «Приборостроение», 25.05.03 «Техническая эксплуатация транспортного радиооборудования», 25.05.05 «Эксплуатация воздушных судов и организация воздушного движения», 12.03.02 «Оптотехника». Учебное пособие соответствует требованиям государственных образовательных стандартов высшего профессионального образования. 
521 8 |a Книга из коллекции ГУАП - Инженерно-технические науки 
521 8 |a СЭБ 
100 1 |a Ершов Д. Ю. 
700 1 |a Лукьяненко И. Н. 
700 1 |a Аман Е. Э. 
700 1 |a Захарова В. П. 
856 4 |u https://e.lanbook.com/book/341021 
856 4 8 |u https://e.lanbook.com/img/cover/book/341021.jpg 
953 |a https://e.lanbook.com/img/cover/book/341021.jpg 
Cannot write session to /tmp/vufind_sessions/sess_0v92c6cfmdcirvmjvbuq3se8ef